[Event "Chess.com Bullet op2"]
[Site "Chess.com INT"]
[Date "2020.12.19"]
[Round "17"]
[White "Nihal, Sarin"]
[Black "Nabaty, Tamir"]
[Result "1-0"]
[WhiteElo "2620"]
[BlackElo "2638"]
[PlyCount "143"]
[EventDate "2020.12.19"]
[EventType "swiss (blitz)"]
[EventRounds "21"]
[EventCountry "USA"]
[SourceTitle "EXT 2022"]
[Source "ChessBase"]
[SourceDate "2021.10.06"]
[SourceVersion "1"]
[SourceVersionDate "2021.10.06"]
[SourceQuality "1"]

1. b3 ({RR} 1. g3 Nf6 2. Bg2 d5 3. Nf3 e6 4. O-O Be7 5. b3 O-O {½-½ (7) Popchev,M (2460)-Slaby,J (2403) Brno 2005}) 1... d5 2. Bb2 Nf6 3. Nf3 e6 4. g3 Be7 5. Bg2 O-O 6. O-O b6 ({RR} 6... a5 7. d3 a4 8. Nbd2 b6 9. e4 dxe4 10. dxe4 Bb7 11. Qe2 a3 12. Be5 Nc6 13. Bf4 Nb4 14. Rfd1 Qc8 15. c3 Ba6 16. Nc4 Nc6 17. Qc2 b5 18. Nce5 Nxe5 19. Nxe5 Bb7 20. Qe2 b4 21. cxb4 {Jones,G (2671)-Tristan,L (2458) Chess.com INT 2017 1-0 (38)}) 7. c4 ({RR} 7. e3 Bb7 8. Qe2 Nbd7 9. Rd1 c5 10. d4 Rc8 11. c4 Qc7 12. Nbd2 Bd6 13. Rac1 e5 14. cxd5 Nxd5 15. e4 Nb4 16. a3 Ba6 17. Nc4 Nc6 18. d5 Nd4 19. Nxd4 cxd4 20. Bh3 Rcd8 21. Nxd6 Qxd6 {Martinez Ramirez,L (2427)-Da Silva,E (2059) chess.com INT 2025 1-0 (39)}) 7... dxc4 $146 8. Ne5 c6 9. Nxc6 Nxc6 10. Bxc6 Rb8 11. bxc4 Ba6 12. d3 Ng4 13. Bf3 Bf6 14. Bxf6 Qxf6 15. Nd2 Ne5 16. Bg2 Rfd8 17. Ne4 Qe7 18. Qa4 Bb7 19. Qxa7 b5 20. cxb5 Ra8 21. Qxb7 Qxb7 22. Nf6+ gxf6 23. Bxb7 Ra3 24. Rfb1 Rb8 25. Be4 f5 26. Bg2 Rb6 27. h3 Kf8 28. Rb4 Ke7 29. f4 Nd7 30. Bc6 Nb8 31. Rc4 Kd6 32. Kf2 Nxc6 33. bxc6 Rxc6 34. Rxc6+ Kxc6 35. Rc1+ Kd7 36. Rc2 Ke7 37. Kf3 h5 38. g4 h4 39. gxf5 exf5 40. Rc5 Ke6 41. Rc6+ Ke7 42. Rh6 Rxa2 43. Rxh4 Ra1 44. Rh5 Kf6 45. Rh6+ Kg7 46. Rc6 Rf1+ 47. Kg3 Rb1 48. Rc4 Kf6 49. Rc6+ Kg7 50. Rd6 f6 51. Rd5 Kg6 52. h4 Re1 53. h5+ Kf7 54. Kf2 Rh1 55. Rxf5 Ke6 56. Rb5 f5 57. Re5+ Kf6 58. e4 fxe4 59. dxe4 Rh3 60. Kg2 Rd3 61. Kf2 Rh3 62. Rf5+ Ke6 63. Kg2 Re3 64. h6 Re2+ 65. Kf3 Rh2 66. Re5+ Kf6 67. Ra5 Kf7 68. Ra6 Kf8 69. e5 Ra2 70. Rxa2 Kg8 71. Ra6 Kh7 72. Ke4 1-0

[Event "EU-ch Final Online"]
[Site "Tornelo INT"]
[Date "2020.12.19"]
[Round "1.1"]
[White "Pantsulaia, Levan"]
[Black "Yilmaz, Mustafa"]
[Result "1-0"]
[WhiteElo "2553"]
[BlackElo "2630"]
[PlyCount "115"]
[EventDate "2020.12.19"]
[EventType "k.o."]
[EventRounds "4"]
[EventCountry "POL"]
[SourceTitle "CBM 199 Extra"]
[Source "ChessBase"]
[SourceDate "2021.01.31"]
[SourceVersion "1"]
[SourceVersionDate "2021.01.31"]
[SourceQuality "1"]

1. g3 d5 2. Bg2 e5 3. c4 d4 4. d3 c5 5. Nf3 Nc6 6. O-O Nf6 7. e3 Be7 8. exd4 exd4 9. Re1 O-O 10. Na3 Bf5 ({RR} 10... h6 11. Bf4 Bd6 12. Ne5 Nxe5 13. Bxe5 Bxe5 14. Rxe5 Qd6 15. Re1 Bd7 16. Qd2 Rab8 17. Nb5 Qb6 18. a4 a6 19. a5 Qd8 20. Na3 Qc7 21. b4 Bc6 22. bxc5 Bxg2 23. Kxg2 Qxc5 24. Nc2 Rfe8 25. Qf4 {Le Tri Kien (2232)-Saravanan,D (1888) Melbourne AUS 2025 1-0 (41)}) 11. Ne5 Nxe5 12. Rxe5 Bg4 13. Qa4 $146 ({RR} 13. Qb3 Rb8 14. Bg5 Be6 15. Rae1 Bd6 16. R5e2 a6 17. h3 h6 18. Bxf6 Qxf6 19. Qb6 Qd8 20. Qxd8 Rfxd8 21. Nb1 Bf5 22. Rd1 h5 23. b3 b5 24. Na3 Kf8 25. Bf3 h4 26. g4 Be6 27. Bc6 Rb6 {Blalock,R (2203)-Santos,C (2420) Lisbon 2002 0-1 (53)}) 13... Bd6 14. Re1 Bd7 15. Qb3 Rb8 16. Nb5 Bxb5 17. Qxb5 h6 18. Bd2 a6 19. Qa4 Qc8 20. Rac1 Qf5 21. Qb3 b5 22. cxb5 axb5 23. Qc2 Ng4 24. Ba5 Ne5 25. Be4 Nf3+ 26. Bxf3 Qxf3 27. Qe2 Qxe2 28. Rxe2 Ra8 29. Bb6 Rfc8 30. b4 cxb4 31. Rxc8+ Rxc8 32. Bxd4 Kf8 33. Kg2 Ra8 34. Kf3 Ra3 35. Ke4 b3 36. axb3 Rxb3 37. Rc2 f6 38. Rc6 Be7 39. Rb6 Kf7 40. Rb7 Ke6 41. Rb6+ Kf7 42. f4 g6 43. g4 Ra3 44. Rb7 Ra4 45. Kd5 Ra8 46. Bc5 Rd8+ 47. Ke4 Re8 48. f5 Kf8 49. Rxe7 Rxe7+ 50. Bxe7+ Kxe7 51. fxg6 b4 52. Kd4 Kf8 53. Kc4 h5 54. gxh5 f5 55. Kxb4 f4 56. Kc3 f3 57. Kd2 f2 58. Ke2 1-0

[Event "EU-ch Final Online"]
[Site "Tornelo INT"]
[Date "2020.12.19"]
[Round "1.1"]
[White "Petrosyan, Manuel"]
[Black "Hovhannisyan, Robert"]
[Result "1-0"]
[WhiteElo "2628"]
[BlackElo "2642"]
[PlyCount "79"]
[EventDate "2020.12.19"]
[EventType "k.o."]
[EventRounds "4"]
[EventCountry "POL"]
[SourceTitle "CBM 199 Extra"]
[Source "ChessBase"]
[SourceDate "2021.01.31"]
[SourceVersion "1"]
[SourceVersionDate "2021.01.31"]
[SourceQuality "1"]

1. Nf3 d5 2. g3 Bg4 3. Bg2 e6 4. O-O Nf6 5. h3 Bh5 6. c4 c6 7. d3 dxc4 ({RR} 7... Be7 8. cxd5 cxd5 9. Qb3 Bxf3 10. Bxf3 Qd7 11. Be3 O-O 12. Rc1 Nc6 13. Nd2 a5 14. a4 Ne8 15. Bc5 Bxc5 16. Rxc5 Nd6 17. e3 h6 18. d4 Nb4 19. Rac1 Rac8 20. R5c3 Rfd8 21. Be2 Rb8 22. h4 {Aronian,L (2774)-Meier,G (2621) Karlsruhe/Baden-Baden 2017 ½-½ (41)}) 8. dxc4 Nbd7 ({RR} 8... Qxd1 9. Rxd1 Nbd7 10. Nc3 Bxf3 11. exf3 O-O-O 12. b3 Be7 13. Bb2 Nc5 14. Bf1 a5 15. Ba3 Rhe8 16. Be2 Kc7 17. Kf1 Rxd1+ 18. Rxd1 Rd8 19. Rxd8 Kxd8 20. Bc1 Bd6 21. Bd2 b6 22. Be3 Kc7 23. Ke1 {Donchenko,A (2636)-Hovhannisyan,R (2643) Warsaw 2021 0-1 (42)}) 9. b3 $146 ({RR} 9. Bf4 Be7 10. Nc3 h6 11. Rc1 {½-½ (11) Gonda,L (2494)-Nasuta,G (2543) Czech Republic CZE 2024}) 9... Qc7 10. Nc3 Bc5 11. Kh1 Rd8 12. Qc2 O-O 13. Na4 Bg6 14. Qb2 Be7 15. Bf4 Bd6 16. Bxd6 Qxd6 17. Rad1 Qe7 18. Ne5 Nxe5 19. Qxe5 Nd7 20. Qc7 b5 21. Nb2 Qa3 22. Rd2 Qxa2 23. Bxc6 Qxb3 24. cxb5 Qc3 25. Rfd1 h6 26. Na4 Qb4 27. Rd4 Qb3 28. Bxd7 Kh7 29. Nc5 Qc3 30. Nxe6 Qb2 31. Nxd8 Qxe2 32. Qf4 Rxd8 33. Bc6 Qxd1+ 34. Rxd1 Rxd1+ 35. Kg2 Ra1 36. Qd4 Ra2 37. h4 h5 38. Be4 Rb2 39. Bxg6+ fxg6 40. Qxb2 1-0

[Event "EU-ch Final Online"]
[Site "Tornelo INT"]
[Date "2020.12.19"]
[Round "1.3"]
[White "Pantsulaia, Levan"]
[Black "Yilmaz, Mustafa"]
[Result "1-0"]
[WhiteElo "2553"]
[BlackElo "2630"]
[PlyCount "73"]
[EventDate "2020.12.19"]
[EventType "k.o."]
[EventRounds "4"]
[EventCountry "POL"]
[SourceTitle "CBM 199 Extra"]
[Source "ChessBase"]
[SourceDate "2021.01.31"]
[SourceVersion "1"]
[SourceVersionDate "2021.01.31"]
[SourceQuality "1"]

1. g3 g6 2. Bg2 Bg7 3. Nf3 d5 4. O-O e5 5. d3 Nc6 6. e4 Nge7 7. c3 a5 ({RR} 7... O-O 8. Re1 h6 9. Nbd2 a5 10. Nf1 f5 11. exd5 Nxd5 12. Ne3 Nxe3 13. Bxe3 Be6 14. Bc5 Re8 15. d4 e4 16. Nd2 Kh7 17. f3 exf3 18. Qxf3 Bf7 19. a4 Qd7 20. Qf2 Rad8 21. Nf3 Bd5 22. h4 {Dogan,U (2128)-Povshednyi,I (2291) chess.com INT 2025 0-1 (68)}) 8. a4 O-O 9. Na3 h6 10. Qc2 $146 ({RR} 10. Nb5 Be6 11. Be3 d4 12. cxd4 exd4 13. Bf4 Rc8 14. h4 Qd7 15. Rc1 f6 16. Kh2 g5 17. hxg5 fxg5 18. Bd2 Ng6 19. Ne1 g4 20. f4 gxf3 21. Rxf3 Nge5 22. Rxf8+ Rxf8 23. Bf4 Ng4+ 24. Kg1 Be5 {Navinsek,T (2292)-Sveshnikov,E (2557) Bled 2002 0-1}) 10... Be6 11. Nb5 Qd7 12. b3 Rfd8 13. Ba3 Rac8 14. Rfe1 Kh7 15. Rad1 d4 16. cxd4 exd4 17. Rc1 Nb4 18. Bxb4 axb4 19. Nxc7 b6 20. h4 Qd6 21. e5 Qd7 22. Nd2 Nd5 23. Bxd5 Bxd5 24. Ne4 Qf5 25. Qe2 Bxe4 26. dxe4 Qxe5 27. f4 d3 28. fxe5 dxe2 29. Rxe2 Bxe5 30. Rec2 Bxg3 31. Nd5 Rxc2 32. Rxc2 Be5 33. Kg2 Bd4 34. Rc7 Kg8 35. Rb7 Re8 36. Kf3 Rc8 37. Ne7+ 1-0

[Event "EU-ch Final Online"]
[Site "Tornelo INT"]
[Date "2020.12.19"]
[Round "1.3"]
[White "Petrosyan, Manuel"]
[Black "Hovhannisyan, Robert"]
[Result "1-0"]
[WhiteElo "2628"]
[BlackElo "2642"]
[PlyCount "99"]
[EventDate "2020.12.19"]
[EventType "k.o."]
[EventRounds "4"]
[EventCountry "POL"]
[SourceTitle "CBM 199 Extra"]
[Source "ChessBase"]
[SourceDate "2021.01.31"]
[SourceVersion "1"]
[SourceVersionDate "2021.01.31"]
[SourceQuality "1"]

1. Nf3 d5 2. g3 Bg4 3. Bg2 e6 4. O-O Nf6 5. h3 Bh5 6. d3 Be7 7. c4 c6 8. cxd5 cxd5 9. Qb3 Bxf3 10. Bxf3 Qd7 11. e4 $146 ({RR} 11. Be3 O-O 12. Rc1 Nc6 13. Nd2 a5 14. a4 Ne8 15. Bc5 Bxc5 16. Rxc5 Nd6 17. e3 h6 18. d4 Nb4 19. Rac1 Rac8 20. R5c3 Rfd8 21. Be2 Rb8 22. h4 Rdc8 23. Kg2 Qd8 24. Qa3 Rc6 25. Nf3 Ne4 {Aronian,L (2774)-Meier,G (2621) Karlsruhe/Baden-Baden 2017 ½-½ (41)}) 11... Nc6 12. Be3 O-O 13. Bg2 Rfd8 14. Nd2 h6 15. Nf3 dxe4 16. dxe4 Nxe4 17. Rfd1 Qc7 18. Rxd8+ Rxd8 19. Rc1 Qb8 20. Ne1 Nf6 21. Bxc6 bxc6 22. Qxb8 Rxb8 23. Nd3 Nd5 24. Rxc6 Nxe3 25. fxe3 Bf6 26. Rc2 Rd8 27. Nf2 Be5 28. g4 f5 29. Kg2 Kf7 30. Kf3 Kf6 31. b3 Rd6 32. Ke2 Bg3 33. Nd3 fxg4 34. hxg4 Kg5 35. Rc4 Ra6 36. a4 g6 37. Nc5 Rb6 38. b4 Bd6 39. a5 Bxc5 40. Rxc5+ Kxg4 41. axb6 axb6 42. Rc6 h5 43. Rxe6 g5 44. Rxb6 h4 45. b5 Kg3 46. Rh6 g4 47. b6 h3 48. b7 Kg2 49. b8=Q g3 50. Rg6 1-0

[Event "EU-ch Final Online"]
[Site "Tornelo INT"]
[Date "2020.12.19"]
[Round "1.4"]
[White "Demidov, Mikhail"]
[Black "Shirov, Alexei"]
[Result "1-0"]
[WhiteElo "2526"]
[BlackElo "2662"]
[PlyCount "55"]
[EventDate "2020.12.19"]
[EventType "k.o."]
[EventRounds "4"]
[EventCountry "POL"]
[SourceTitle "CBM 199 Extra"]
[Source "ChessBase"]
[SourceDate "2021.01.31"]
[SourceVersion "1"]
[SourceVersionDate "2021.01.31"]
[SourceQuality "1"]

1. Nf3 d5 2. g3 Nf6 3. Bg2 g6 4. b3 Bg7 5. Bb2 c5 6. c4 d4 7. b4 O-O ({RR} 7... Nc6 8. b5 Nb8 9. O-O O-O 10. e3 dxe3 11. fxe3 Nbd7 12. a4 Nb6 13. Na3 a5 14. d4 Ng4 15. Qe2 Bh6 16. Nc2 cxd4 17. Bxd4 Qc7 18. c5 Nd5 19. Rad1 Be6 20. b6 Qc8 21. Nd2 Ngf6 22. Nc4 {Carlsen,M (2832)-Niemann,H (2733) chess.com INT 2024 1-0 (45)}) ({RR} 7... Nfd7 8. bxc5 Nxc5 9. O-O O-O 10. d3 Nc6 11. Nbd2 Re8 12. Ba3 Qa5 13. Qc1 Na4 14. Nb3 Qd8 15. Qc2 Nc3 16. Bb2 Na4 17. Ba3 Nc3 18. Rfe1 e5 19. Bb2 Bf5 20. Bxc3 dxc3 21. e4 Bg4 22. Qxc3 {Demidov,M (2526)-Praggnanandhaa,R (2608) Chess.com INT 2020 0-1 (99)}) 8. bxc5 Nc6 9. O-O ({RR} 9. d3 Nd7 10. Nbd2 Nxc5 11. O-O Re8 12. Nb3 Na6 13. Rb1 e5 14. Ba3 f5 15. Ne1 Qc7 16. Nc2 Be6 17. e3 dxe3 18. Nxe3 Qd7 19. Nd5 Rac8 20. Nd2 Nd8 21. Re1 b6 22. Nf1 Bxd5 23. Bxd5+ Kh8 {Pantsulaia,L (2532)-Iniyan,P (2578) Bengaluru IND 2025 1-0 (56)}) 9... e5 $146 ({RR} 9... Nd7 10. d3 Nxc5 11. Nbd2 e5 12. Ba3 Qa5 13. Qc1 Rd8 14. Nb3 Nxb3 15. axb3 Qc7 16. b4 e4 17. dxe4 Bg4 18. c5 d3 19. Ra2 dxe2 20. Rxe2 Bxf3 21. Bxf3 Nd4 22. Re3 Bh6 23. Qc3 Bxe3 24. fxe3 {Gumularz,S (2591)-Kosakowski,J (2486) chess.com INT 2024 0-1 (48)}) 10. d3 Nd7 11. Ba3 e4 12. Ne1 e3 13. Nc2 exf2+ 14. Rxf2 Nde5 15. Nd2 Ng4 16. Rf1 Bh6 17. Bb2 Be3+ 18. Kh1 Qg5 19. Ne4 Qh6 20. Nf6+ Nxf6 21. Rxf6 Bg5 22. Rf1 Bg4 23. Nxd4 Rae8 24. Nf3 Be3 25. Qb3 Bxc5 26. Qxb7 Nb4 27. Ne5 Rb8 28. Nxg4 1-0

[Event "EU-ch Final Online"]
[Site "Tornelo INT"]
[Date "2020.12.19"]
[Round "1.5"]
[White "Meier, Georg"]
[Black "Wojtaszek, Radoslaw"]
[Result "1-0"]
[WhiteElo "2628"]
[BlackElo "2705"]
[PlyCount "73"]
[EventDate "2020.12.19"]
[EventType "k.o."]
[EventRounds "4"]
[EventCountry "POL"]
[SourceTitle "CBM 199 Extra"]
[Source "ChessBase"]
[SourceDate "2021.01.31"]
[SourceVersion "1"]
[SourceVersionDate "2021.01.31"]
[SourceQuality "1"]

1. Nf3 d5 2. e3 c5 3. Bb5+ Bd7 4. Bxd7+ Qxd7 5. O-O Nc6 6. d3 ({RR} 6. d4 e6 7. Qe2 Nf6 8. Rd1 Qc7 9. dxc5 Bxc5 10. c4 O-O 11. Nc3 Rfd8 12. cxd5 exd5 13. Bd2 Re8 14. Qb5 Qe7 15. Rac1 a6 16. Qb3 Rad8 17. Na4 Bd6 18. Be1 h6 19. Nc3 Ne5 20. Ne2 Nxf3+ {Karthik,R (2346)-Vaglio Mattey,E (2142) chess.com INT 2024 1-0 (52)}) 6... e6 7. Nc3 $146 ({RR} 7. e4 Bd6 8. Qe2 Nge7 9. c3 O-O 10. Re1 Ng6 11. g3 f5 12. exd5 exd5 13. Qe6+ Qxe6 14. Rxe6 Rad8 15. Na3 f4 16. Kg2 Nce5 17. Nxe5 Bxe5 18. gxf4 Bxf4 19. Kg1 Rde8 20. Rxe8 Rxe8 21. Kf1 Bxh2 {Ashraf,A (2352)-Deac,B (2698) chess.com INT 2023 1-0 (43)}) 7... Bd6 8. e4 Nge7 9. Bd2 O-O 10. Qe2 Ng6 11. Rae1 Nd4 12. Qd1 Nxf3+ 13. Qxf3 dxe4 14. Nxe4 Be7 15. Bc3 b5 16. b3 a5 17. Qh5 Qc6 18. Re3 Qd5 19. Qd1 a4 20. Rfe1 axb3 21. axb3 c4 22. dxc4 Qxd1 23. Rxd1 bxc4 24. b4 Ra2 25. g3 Rxc2 26. Rb1 Rb8 27. b5 f5 28. Nd2 Bc5 29. Rf3 Ne7 30. Nxc4 Nd5 31. Be5 Rc8 32. b6 Bxb6 33. Nxb6 Rc1+ 34. Kg2 Rxb1 35. Nxc8 g5 36. Ra3 Rc1 37. Nd6 1-0

[Event "EU-ch Final Online"]
[Site "Tornelo INT"]
[Date "2020.12.19"]
[Round "2.2"]
[White "Jones, Gawain C B"]
[Black "Petrosyan, Manuel"]
[Result "1-0"]
[WhiteElo "2670"]
[BlackElo "2628"]
[PlyCount "151"]
[EventDate "2020.12.19"]
[EventType "k.o."]
[EventRounds "4"]
[EventCountry "POL"]
[SourceTitle "CBM 199 Extra"]
[Source "ChessBase"]
[SourceDate "2021.01.31"]
[SourceVersion "1"]
[SourceVersionDate "2021.01.31"]
[SourceQuality "1"]

1. Nf3 d5 2. b3 c5 3. e3 a6 4. Bb2 Nc6 5. g3 Qc7 ({RR} 5... Bf5 6. Bg2 Nf6 7. O-O e6 8. Nh4 Be4 9. f3 Bg6 10. d3 Bd6 11. Nxg6 hxg6 12. f4 Qe7 13. c4 Rd8 14. Nd2 Bc7 15. Qe2 O-O 16. Rad1 Rfe8 17. e4 dxc4 18. Nxc4 Nd4 19. Bxd4 Rxd4 20. Ne3 {Nakamura,H (2760)-Fedoseev,V (2686) Chess.com INT 2022 0-1 (42)}) 6. c4 ({RR} 6. Bg2 e5 7. Nc3 Nf6 8. d3 d4 9. Ne2 Bd6 10. O-O O-O 11. c3 dxe3 12. fxe3 Ng4 13. Qd2 f5 14. Ng5 Qe7 15. Nh3 g5 16. c4 Be6 17. Nc3 h6 18. Nd5 Qg7 19. Qe2 Rae8 20. Nf2 Nxf2 {Adewumi,T (2325)-Yoo,C (2603) chess.com INT 2024 0-1 (31)}) 6... dxc4 7. bxc4 Nf6 $146 ({RR} 7... e5 8. Nc3 Bd6 9. Nd5 Qd8 10. Bg2 Nge7 11. O-O O-O 12. Qb1 f6 13. Nh4 Kh8 14. f4 exf4 15. gxf4 Rb8 16. Qd1 b5 17. Nxe7 Nxe7 18. Kh1 Be6 19. cxb5 axb5 20. Rg1 Qd7 21. Be4 Bd5 22. Bxd5 {Anton Guijarro,D (2669)-Yoo,C (2606) chess.com INT 2023 1-0 (31)}) 8. Nc3 e6 9. Bg2 Be7 10. O-O O-O 11. Qe2 b6 12. d4 cxd4 13. exd4 Na5 14. Rac1 Bb7 15. Ne5 Bxg2 16. Kxg2 Rac8 17. Nd1 Nd7 18. Nxd7 Qxd7 19. Ne3 b5 20. c5 Nc6 21. Rfd1 Nb4 22. Qf3 Rfd8 23. a3 Nd5 24. Ng4 Bf6 25. h4 h5 26. Nxf6+ Nxf6 27. d5 Nxd5 28. Qxh5 f6 29. Kg1 Qf7 30. Qg4 Rc6 31. a4 Rb8 32. axb5 Rxb5 33. Ba3 Rb8 34. Re1 Re8 35. Rb1 Rc7 36. Qa4 Qd7 37. Qxa6 Ra7 38. Qd3 Qa4 39. Bb2 Qg4 40. Re4 Qf5 41. Rbe1 Rc7 42. Qd4 Rc6 43. Kg2 Rec8 44. Ba3 Kf7 45. Qa4 Ne7 46. Qb3 Qd5 47. Qxd5 Nxd5 48. Ra4 R8c7 49. Rc1 Ne7 50. Ra5 Ng6 51. Bb4 Ne5 52. Rd1 Nd7 53. Rd6 Rxd6 54. cxd6 Rb7 55. Ba3 e5 56. Ra8 Ke6 57. Re8+ Kd5 58. Re7 g6 59. Rg7 Ke6 60. Rxg6 Rb3 61. Bc1 Kxd6 62. h5 Ke6 63. h6 Rb8 64. g4 Rh8 65. g5 Rh7 66. gxf6 Kf7 67. Rg7+ Rxg7+ 68. fxg7 Kg8 69. Kf3 Nf6 70. Bb2 Kh7 71. Bxe5 Ng8 72. Bf4 Kg6 73. Ke4 Nf6+ 74. Ke5 Ng8 75. Ke6 Kh7 76. Kf7 1-0

[Event "Chess.com Bullet op KO"]
[Site "Chess.com INT"]
[Date "2020.12.20"]
[Round "1.5"]
[White "Fedoseev, Vladimir1"]
[Black "Artemiev, Vladislav"]
[Result "1-0"]
[WhiteElo "2674"]
[BlackElo "2711"]
[PlyCount "57"]
[EventDate "2020.12.20"]
[EventType "k.o. (blitz)"]
[EventRounds "4"]
[EventCountry "USA"]
[SourceTitle "CBM 199 Extra"]
[Source "ChessBase"]
[SourceDate "2021.01.31"]
[SourceVersion "1"]
[SourceVersionDate "2021.01.31"]
[SourceQuality "1"]

1. g3 g6 2. Bg2 Bg7 3. d4 c5 4. Nf3 cxd4 5. Nxd4 Nc6 6. Nb3 Nf6 7. O-O h5 8. c4 h4 9. Nc3 hxg3 10. hxg3 d6 11. Bg5 Bh3 12. Bxh3 Rxh3 13. Kg2 Rh5 14. Bxf6 Bxf6 15. Nd5 Bxb2 16. Rb1 Bg7 17. Nd2 Qd7 18. Rh1 Rxh1 19. Qxh1 $146 ({RR} 19. Qe1 Rg1+ 20. Qxg1 O-O-O 21. Qh1 Rg8 22. Qh7 Rh8 23. Qxg7 Qh3+ 24. Kf3 Ne5+ 25. Ke3 Ng4+ 26. Kd4 Nxf2 27. Qxf7 Qg4+ 28. Kc3 Qxg3+ 29. Kc2 {1-0 (29) Ahmed,W (1953)-Wadifa,A (1786) Dhaka 2022}) 19... O-O-O 20. Qh7 Bd4 21. Qxf7 Rh8 22. Nf4 Ne5 23. Qd5 g5 24. Ne6 Bb6 25. c5 Ba5 26. cxd6 exd6 27. Ne4 Kb8 28. Nxd6 Bb6 29. Qxe5 1-0

[Event "Chess.com Bullet op KO"]
[Site "Chess.com INT"]
[Date "2020.12.20"]
[Round "1.6"]
[White "Artemiev, Vladislav"]
[Black "Fedoseev, Vladimir1"]
[Result "1-0"]
[WhiteElo "2711"]
[BlackElo "2674"]
[PlyCount "59"]
[EventDate "2020.12.20"]
[EventType "k.o. (blitz)"]
[EventRounds "4"]
[EventCountry "USA"]
[SourceTitle "CBM 199 Extra"]
[Source "ChessBase"]
[SourceDate "2021.01.31"]
[SourceVersion "1"]
[SourceVersionDate "2021.01.31"]
[SourceQuality "1"]

1. b3 d5 2. Bb2 Nf6 3. e3 g6 4. c4 Bg7 5. cxd5 Qxd5 6. Nc3 Qd8 7. Nf3 O-O 8. Be2 c5 9. d4 $146 ({RR} 9. O-O Nc6 10. Bb5 Bd7 11. d4 cxd4 12. Nxd4 Nxd4 13. exd4 Nd5 14. Qd3 Nxc3 15. Bxc3 Rc8 16. Bb4 Re8 17. Rad1 Bxb5 18. Qxb5 a6 19. Qa4 Qd5 20. Bc5 e6 21. g3 Red8 22. b4 Rc6 23. Qa5 Bf6 {Ismail,A (2137)-Mariano,N (2437) Kuala Lumpur 2006 0-1 (41)}) 9... Nc6 10. dxc5 Qa5 11. O-O Ne4 12. Na4 Bxb2 13. Nxb2 Nc3 14. Qe1 Nxe2+ 15. Qxe2 Qxc5 16. Rac1 Qa5 17. Nc4 Qa6 18. Qb2 Be6 19. Ng5 Bxc4 20. Rxc4 Rad8 21. Nxh7 f6 22. Nxf8 Kxf8 23. h4 Ne5 24. Rd4 Rc8 25. Rc1 Re8 26. Rcd1 Kf7 27. Rd8 Rxd8 28. Rxd8 Qe6 29. Qd2 Qg4 30. Qd5+ 1-0

[Event "Chess.com Bullet op KO"]
[Site "Chess.com INT"]
[Date "2020.12.20"]
[Round "2.3"]
[White "Naroditsky, Daniel"]
[Black "Xiong, Jeffery"]
[Result "1-0"]
[WhiteElo "2621"]
[BlackElo "2709"]
[PlyCount "65"]
[EventDate "2020.12.20"]
[EventType "k.o. (blitz)"]
[EventRounds "4"]
[EventCountry "USA"]
[SourceTitle "CBM 199 Extra"]
[Source "ChessBase"]
[SourceDate "2021.01.31"]
[SourceVersion "1"]
[SourceVersionDate "2021.01.31"]
[SourceQuality "1"]

1. Nf3 Nf6 2. g3 g6 3. b3 Bg7 4. Bb2 b6 5. Bg2 Bb7 6. O-O c5 7. d4 cxd4 8. Bxd4 O-O 9. c4 d6 10. Bb2 Nbd7 11. Nc3 Rc8 $146 ({RR} 11... Ne4 12. Qc2 Ndc5 13. Rad1 Nxc3 14. Bxc3 Be4 15. Qb2 Bxc3 16. Qxc3 Qc7 17. Qe3 Qb7 18. Rd4 f5 19. Nh4 Bxg2 20. Nxg2 Rad8 21. Rfd1 Qc7 22. f3 Rd7 23. Rd5 a5 24. Nf4 e5 25. Nd3 Nxd3 26. R1xd3 {Pertl,J (1895)-Trasak,O (2010) Czech Republic 2000 ½-½ (38)}) 12. Qd2 a6 13. Rac1 Rc7 14. Rfd1 Qa8 15. h3 Rfc8 16. Nh4 Bxg2 17. Nxg2 Nc5 18. Nf4 Nce4 19. Nxe4 Nxe4 20. Qc2 Bxb2 21. Qxb2 e6 22. h4 b5 23. cxb5 axb5 24. Rxc7 Rxc7 25. h5 g5 26. h6 Nc3 27. Rd3 b4 28. Nh5 Kf8 29. Qd2 Qe4 30. Qxg5 Nxe2+ 31. Kh2 Rc8 32. Rxd6 Qa8 33. Rd7 1-0

[Event "Chess.com Bullet op KO"]
[Site "Chess.com INT"]
[Date "2020.12.20"]
[Round "2.5"]
[White "Naroditsky, Daniel"]
[Black "Xiong, Jeffery"]
[Result "1-0"]
[WhiteElo "2621"]
[BlackElo "2709"]
[PlyCount "65"]
[EventDate "2020.12.20"]
[EventType "k.o. (blitz)"]
[EventRounds "4"]
[EventCountry "USA"]
[SourceTitle "CBM 199 Extra"]
[Source "ChessBase"]
[SourceDate "2021.01.31"]
[SourceVersion "1"]
[SourceVersionDate "2021.01.31"]
[SourceQuality "1"]

1. b3 Nf6 2. Bb2 g6 3. Nf3 Bg7 4. g4 O-O 5. g5 Nh5 ({RR} 5... Ne8 6. Bxg7 Nxg7 7. d4 d5 8. Bg2 c5 9. dxc5 Qa5+ 10. Qd2 Qxc5 11. Nc3 Be6 12. e4 dxe4 13. Nxe4 Qc7 14. O-O Nc6 15. Rfe1 Rad8 16. Qc3 Nh5 17. Nc5 Bd5 18. Nd3 Nf4 19. Nxf4 Qxf4 20. Qe3 {Andreikin,D (2726)-Gazik,V (2502) Chess.com INT 2020 0-1 (67)}) 6. Bxg7 Kxg7 7. c4 $146 ({RR} 7. Nc3 f6 8. h4 d5 9. d4 Bf5 10. e3 Nc6 11. a3 Qd7 12. Be2 a6 13. Nh2 b5 14. b4 Qd6 15. Bxh5 gxh5 16. Qxh5 Nxb4 17. axb4 Qxb4 18. Kd2 c5 19. Rhc1 Qc4 20. Qe2 cxd4 21. Qxc4 dxc4 {Miskovsky,P (2216)-Hrbolka,L (2132) Plzen 1999 ½-½}) ({RR} 7. e3 d6 8. d4 Nc6 9. d5 Ne5 10. Be2 Bg4 11. Nxe5 Bxe2 12. Qxe2 dxe5 13. Nc3 e6 14. dxe6 Qxg5 15. O-O-O Qe7 16. Nd5 Qa3+ 17. Kb1 c6 18. Nc3 Nf6 19. exf7 Rxf7 20. h4 Qb4 21. Kb2 Nd5 {Ajay,K (2386)-Medina,M (2368) chess.com INT 2025 1-0 (65)}) 7... d6 8. Nc3 Nc6 9. e3 e5 10. Be2 f5 11. gxf6+ Qxf6 12. Rg1 Bf5 13. d3 Kh8 14. Qd2 Ng7 15. Nd5 Qf7 16. Ng5 Qd7 17. O-O-O a5 18. f4 Be6 19. h4 Bxd5 20. cxd5 Nb4 21. h5 exf4 22. e4 Qe7 23. hxg6 Qf6 24. d4 f3 25. Bxf3 Nxa2+ 26. Qxa2 a4 27. b4 h6 28. Qh2 Qf4+ 29. Qxf4 Rxf4 30. Nf7+ Kg8 31. Nxh6+ Kf8 32. Rdf1 a3 33. Be2 1-0